Statistics for Swedish municipalities

Click here to take the quiz!

General Stats

  • This quiz has been taken 1,545 times
    (1,542 since last reset)
  • The average score is 115 of 290

Answer Stats

CountyAnswer% Correct
StockholmStockholm
90%
SkåneMalmö
88%
Västra GötalandGöteborg
86%
UppsalaUppsala
81%
KalmarKalmar
80%
JönköpingJönköping
79%
NorrbottenKiruna
79%
ÖrebroÖrebro
79%
VästerbottenUmeå
79%
NorrbottenLuleå
78%
GävleborgGävle
76%
ÖstergötlandLinköping
76%
ÖstergötlandNorrköping
75%
VärmlandKarlstad
74%
SkåneLund
74%
SkåneHelsingborg
71%
HallandHalmstad
68%
Västra GötalandBorås
67%
GotlandGotland
67%
BlekingeKarlskrona
66%
VästmanlandVästerås
66%
JämtlandÖstersund
65%
DalarnaFalun
64%
StockholmSödertälje
64%
VästernorrlandSundsvall
64%
DalarnaMora
63%
SkåneYstad
63%
SkåneKristianstad
62%
KronobergVäxjö
62%
DalarnaBorlänge
61%
SödermanlandEskilstuna
61%
VästerbottenSkellefteå
61%
NorrbottenHaparanda
60%
NorrbottenPiteå
60%
StockholmSolna
60%
SkåneTrelleborg
60%
VästmanlandKöping
59%
HallandFalkenberg
58%
Västra GötalandLidköping
58%
SödermanlandNyköping
58%
StockholmNorrtälje
56%
BlekingeKarlshamn
55%
Västra GötalandTrollhättan
55%
JämtlandÅre
54%
HallandVarberg
54%
StockholmLidingö
52%
KalmarOskarshamn
52%
ÖstergötlandSöderköping
52%
VästernorrlandÅnge
51%
VärmlandArvika
51%
DalarnaAvesta
51%
NorrbottenBoden
51%
HallandKungsbacka
51%
Västra GötalandAlingsås
50%
UppsalaEnköping
50%
NorrbottenKalix
50%
VärmlandKarlskoga
50%
VästernorrlandÖrnsköldsvik
50%
Västra GötalandSkövde
50%
VästmanlandArboga
49%
NorrbottenArvidsjaur
49%
SkåneLandskrona
49%
ÖstergötlandMotala
49%
StockholmSollentuna
49%
StockholmDanderyd
48%
Västra GötalandFalköping
48%
StockholmHuddinge
48%
DalarnaMalung-Sälen
48%
Västra GötalandSkara
48%
Västra GötalandUddevalla
48%
SkåneHässleholm
47%
NorrbottenJokkmokk
47%
Västra GötalandMariestad
47%
StockholmNynäshamn
47%
VästernorrlandSollefteå
47%
Västra GötalandÅmål
46%
NorrbottenGällivare
46%
GävleborgHudiksvall
46%
StockholmNacka
46%
KalmarBorgholm
45%
StockholmBotkyrka
45%
StockholmHaninge
45%
VästernorrlandHärnösand
45%
SödermanlandKatrineholm
45%
SkåneSimrishamn
45%
Västra GötalandStrömstad
45%
StockholmTäby
45%
KronobergAlvesta
44%
SkåneÄngelholm
44%
NorrbottenArjeplog
44%
SkåneBåstad
44%
GävleborgBollnäs
44%
VärmlandKristinehamn
44%
DalarnaLeksand
44%
BlekingeRonneby
44%
GävleborgSandviken
44%
Västra GötalandAle
43%
SkåneEslöv
43%
Västra GötalandKungälv
43%
StockholmUpplands Väsby
43%
KalmarVästervik
43%
SkåneHöör
42%
VästmanlandSala
42%
GävleborgSöderhamn
42%
Västra GötalandVänersborg
42%
VästerbottenDorotea
41%
StockholmEkerö
41%
UppsalaKnivsta
41%
ÖrebroKumla
41%
ÖstergötlandMjölby
41%
Västra GötalandMölndal
41%
NorrbottenPajala
41%
BlekingeSölvesborg
41%
StockholmSundbyberg
41%
Västra GötalandUlricehamn
41%
JönköpingVärnamo
41%
SödermanlandFlen
40%
HallandLaholm
40%
JönköpingNässjö
40%
ÖrebroNora
40%
DalarnaOrsa
40%
StockholmSigtuna
40%
JönköpingEksjö
39%
DalarnaLudvika
39%
Västra GötalandMark
39%
Västra GötalandPartille
39%
StockholmVärmdö
39%
VästmanlandFagersta
38%
VärmlandGrums
38%
JönköpingHabo
38%
UppsalaHåbo
38%
Västra GötalandKarlsborg
38%
NorrbottenÖverkalix
38%
VärmlandSunne
38%
JönköpingTranås
38%
SödermanlandTrosa
38%
StockholmVallentuna
38%
VästerbottenVilhelmina
38%
VärmlandFilipstad
37%
ÖrebroHallsberg
37%
VästmanlandHallstahammar
37%
JämtlandHärjedalen
37%
Västra GötalandHjo
37%
StockholmJärfälla
37%
StockholmSalem
37%
ÖrebroAskersund
36%
JämtlandBerg
36%
SkåneHörby
36%
SkåneLomma
36%
Västra GötalandLysekil
36%
KalmarNybro
36%
KalmarVimmerby
36%
Västra GötalandLaxå
35%
Västra GötalandLerum
35%
KronobergLjungby
35%
Västra GötalandOrust
35%
NorrbottenÖvertorneå
35%
SkåneStaffanstorp
35%
SödermanlandSträngnäs
35%
UppsalaTierp
35%
VästernorrlandTimrå
35%
VärmlandTorsby
35%
SkåneVellinge
35%
Västra GötalandBengtsfors
34%
DalarnaHedemora
34%
VästerbottenLycksele
34%
VärmlandSäffle
34%
StockholmUpplands-Bro
34%
SkåneBromölla
33%
SödermanlandGnesta
33%
VärmlandKil
33%
SkåneKlippan
33%
VästernorrlandKramfors
33%
ÖrebroLindesberg
33%
KronobergMarkaryd
33%
Västra GötalandStenungsund
33%
Västra GötalandTjörn
33%
StockholmTyresö
33%
StockholmVaxholm
33%
DalarnaÄlvdalen
32%
SkåneBurlöv
32%
SkåneHöganäs
32%
SkåneOsby
32%
SkåneSkurup
32%
VästerbottenStoruman
32%
ÖstergötlandVadstena
32%
JönköpingVetlanda
32%
KronobergÄlmhult
31%
SkåneBjuv
31%
Västra GötalandBollebygd
31%
ÖrebroDegerfors
31%
ÖstergötlandFinspång
31%
VärmlandHagfors
31%
UppsalaHeby
31%
KalmarHultsfred
31%
UppsalaÖsthammar
31%
VästerbottenRobertsfors
31%
ÖstergötlandBoxholm
30%
Västra GötalandDals-Ed
30%
KalmarEmmaboda
30%
GävleborgHofors
30%
GävleborgOckelbo
30%
DalarnaRättvik
30%
SkåneSjöbo
30%
JämtlandStrömsund
30%
SkåneTomelilla
30%
Västra GötalandVara
30%
ÖstergötlandÅtvidaberg
29%
JönköpingGislaved
29%
JönköpingGnosjö
29%
Västra GötalandHärryda
29%
VästmanlandKungsör
29%
Västra GötalandMellerud
29%
KalmarMörbylånga
29%
SkåneÖrkelljunga
29%
StockholmÖsteråker
29%
VästmanlandSurahammar
29%
Västra GötalandTidaholm
29%
KronobergTingsryd
29%
UppsalaÄlvkarleby
28%
NorrbottenÄlvsbyn
28%
JönköpingAneby
28%
DalarnaGagnef
28%
HallandHylte
28%
SkåneKävlinge
28%
JämtlandKrokom
28%
GävleborgLjusdal
28%
KalmarMönsterås
28%
StockholmNykvarn
28%
Västra GötalandÖckerö
28%
SkånePerstorp
28%
VästerbottenSorsele
28%
SkåneSvedala
28%
VärmlandÅrjäng
27%
Västra GötalandGötene
27%
Västra GötalandLilla Edet
27%
VästerbottenMalå
27%
SödermanlandOxelösund
27%
Västra GötalandTanum
27%
SkåneÅstorp
26%
VärmlandForshaga
26%
Västra GötalandGullspång
26%
KronobergLessebo
26%
JönköpingMullsjö
26%
BlekingeOlofström
26%
VästmanlandSkinnskatteberg
26%
VästerbottenÅsele
25%
JämtlandBräcke
25%
VärmlandEda
25%
ÖrebroHällefors
25%
ÖstergötlandÖdeshög
25%
DalarnaSäter
25%
VästerbottenBjurholm
24%
Västra GötalandGrästorp
24%
Västra GötalandHerrljunga
24%
ÖrebroLekeberg
24%
VästmanlandNorberg
24%
VästerbottenNordmaling
24%
SkåneÖstra Göinge
24%
JämtlandRagunda
24%
VärmlandStorfors
24%
SkåneSvalöv
24%
Västra GötalandSvenljunga
24%
Västra GötalandTöreboda
24%
KalmarTorsås
24%
Västra GötalandTranemo
24%
Västra GötalandEssunga
23%
Västra GötalandMunkedal
23%
VärmlandMunkfors
23%
VästerbottenVännäs
23%
SödermanlandVingåker
23%
VärmlandHammarö
22%
JönköpingSävsjö
22%
Västra GötalandSotenäs
22%
Västra GötalandTibro
22%
ÖstergötlandValdemarsvik
22%
VästerbottenVindeln
22%
Västra GötalandFärgelanda
21%
ÖstergötlandKinda
21%
KronobergUppvidinge
21%
DalarnaVansbro
21%
ÖstergötlandYdre
21%
VästerbottenNorsjö
20%
DalarnaSmedjebacken
20%
JönköpingVaggeryd
20%
KalmarHögsby
19%
ÖrebroLjusnarsberg
19%
GävleborgNordanstig
19%
Västra GötalandVårgårda
19%
GävleborgOvanåker
18%

Score Distribution

Percentile by Number Answered

Percent of People with Each Score

Your Score History

You have not taken this quiz since the last reset